000 00939nam a2200169 a 4500
001 50266
005 20180714035257.0
008 140415s2001 mx 000 0 spa d
041 _aspa
082 _a382.6
_bPLA
245 0 0 _aPLAN DE NEGOCIOS PARA LA EXPORTACION :
_bTEXTO Y EJERCICIOS.
250 _a2a ed.
260 _aMEXICO :
_bBANCOMEXT,
_c2001.
300 _a206 ;
_c21.4 x 1.2 x 27.4.
520 _aUNO DE LOS OBJETIVOS PRINCIPALES QUE DEBE TENER UNA EMPRESA AL DISEÑAR UN PLAN DE NEGOCIOS PARA EXPORTACION ES CONSEGUIR LA CONFIANZA DE QUE SU PROYECTO DE EXPORTACION ES VIABLE Y QUE LE REPRESENTARA UNA BUANA OPCION DE NEGOCIO, LO QUE LE PERMITIRA GENERAR BENEFICIOS A SU INVERSION. SABER PREPARAR UN BUEN PLAN DE NEGOCIOS PARA EXPORTACION SIGNIFICA INCREMENTAR LAS POSIBILIDADES DE PARTICIPAR CON EXITO EN LOS MERCADOS INTERNACIONALES.
650 1 4 _aCOMERCIO EXTERIOR
_xPLANEACION DE NEGOCIOS
_xESTUDIO DE CASOS
999 _c50266
_d50266